|
|
|
|
| LEADER |
00000cam a2200000 i 4500 |
| 001 |
1/8106 |
| 008 |
000626s1979 fr | ||| |||| ||fre|| |
| 020 |
|
|
|a 2020215659
|
| 035 |
|
|
|l 10062553
|
| 040 |
|
|
|a GR-MyUA
|b gre
|e AACR2
|
| 041 |
1 |
|
|a fre
|h eng
|
| 082 |
0 |
|
|a 306.9
|
| 100 |
1 |
|
|a Sennett, Richard,
|d 1943-
|
| 245 |
1 |
4 |
|a Les tyrannies de l'intimite /
|c Richard Sennett ; traduit par Antoine Berman et Rebecca Folkman.
|
| 260 |
|
|
|a Paris :
|b Seuil,
|c 1979.
|
| 300 |
|
|
|a 285 σ.
|
| 650 |
0 |
0 |
|a Social history.
|
| 650 |
0 |
0 |
|a Community life.
|
| 650 |
0 |
0 |
|a Social interaction.
|
| 650 |
0 |
0 |
|a Manners and customs.
|
| 650 |
0 |
0 |
|a Alienation (Social psychology)
|
| 700 |
1 |
|
|a Berman, Antoine,
|e trl
|
| 700 |
1 |
|
|a Folkman, Rebecca,
|e trl
|
| 765 |
0 |
8 |
|i Μετάφραση του:
|t The fall of public man /
|
| 852 |
|
|
|a INST
|b LESVOS
|e 20000626
|h 306.9 SEN
|p 005100026281
|q 005100026281
|t BK
|y 0
|
| 901 |
|
|
|a BIBL1-2000-2
|
| 909 |
|
|
|a Λ
|b 078093
|
| 922 |
|
|
|a 1ΕΛΗ
|b 200005
|c ΚΠΣ/ΤΚΑ
|d ΠΑΠΑΣΩΤΗΡΙΟΥ
|
| 950 |
|
|
|a 117-1999-11-26
|
| 970 |
|
|
|z 2000/06/ELIDOC
|
| 970 |
|
|
|a ΜΟΥΣΤΑΚΑ
|b ΠΗΝΕΛΟΠΗ
|z 2000/03/08
|